00000000nas 2200000zi 4500
0019.934253
003CaOODSP
00520240223131953
006m     o  d f      
007cr |||||||||||
008240221d19461967oncuu m o    f0###a0eng|d
040 |aCaOODSP|beng|erda|cCaOODSP
041 |aeng|beng|bfre
043 |an-cn---
0861 |aEn57-56E-PDF
1300 |aTEC.
24510|aTEC.
24613|aTechnical circular
264 1|a[Toronto] : |bMeteorological Division, Department of Transport, |c1946-1967.
336 |atext|btxt|2rdacontent
337 |acomputer|bc|2rdamedia
338 |aonline resource|bcr|2rdacarrier
500 |aDigitized edition from print [produced by Environment and Climate Change Canada].
500 |aSome numbers have amendments issued separately.
515 |aIssues have parallel numbering to March 1967; CIR 1002-4545.
546 |aSome numbers include abstracts in English and French; French titles accompany French abstracts.
550 |aIssued by the Meteorological Branch <1956-1967>.
588 |aDescription based on: TEC-112.
650 0|aMeteorology.
650 6|aMétéorologie.
7101 |aCanada. |bMeteorological Division, |eissuing body.
7101 |aCanada. |bMeteorological Branch, |eissuing body.
7101 |aCanada.|bDepartment of Transport, |eissuing body.
78500|tTechnical memoranda.|w(CaOODSP)9.934428